[Event "Cipressina op-B 2nd"]
[Site "Venice"]
[Date "2013.12.01"]
[Round "5"]
[White "Tosello, Edoardo"]
[Black "Roverato, Franco"]
[Result "0-1"]
[WhiteElo "1419"]
[BlackElo "1661"]
[PlyCount "84"]
[EventDate "2013.11.29"]
[EventType "swiss"]
[EventRounds "5"]
[EventCountry "ITA"]
[SourceTitle "EXT 2015"]
[Source "ChessBase"]
[SourceDate "2014.11.20"]
[SourceVersion "1"]
[SourceVersionDate "2014.11.20"]
[SourceQuality "1"]

1. d4 Nf6 2. c4 c5 3. Nf3 e6 4. e3 g6 5. Nc3 Bg7 6. Be2 a6 7. 0-0 Qc7 8. Qc2 d6 9. Re1 Nc6 10. a3 0-0 11. dxc5 dxc5 12. e4 Bd7 13. Be3 b6 14. Nd2 Nd4 15. Bxd4 cxd4 16. Na2 a5 17. Nc1 Rfc8 18. Nd3 e5 19. Bf1 Be6 20. Rac1 Nd7 21. Qd1 Qd8 22. a4 Bh6 23. b3 Qe8 24. Ra1 f5 25. f3 Be3+ 26. Kh1 f4 27. Be2 g5 28. Nf1 Bf7 29. Nxe3 dxe3 30. g3 Rd8 31. g4 Nc5 32. Qc2 Ne6 33. Qb2 Nd4 34. Rad1 Nc6 35. Qc3 Ra7 36. c5 bxc5 37. Nxc5 Rxd1 38. Rxd1 Nd4 39. Bb5 Qe7 40. Kg2 Rc7 41. Qxa5 Qxc5 42. b4 Qc2+ 0-1